| 000 | 00923nas a2200325 4500 | ||
|---|---|---|---|
| 001 | BR2014001106 | ||
| 003 | BR-BrBNA | ||
| 005 | 20231205123727.0 | ||
| 007 | ta | ||
| 008 | 230509b bl.|||p| |||| 00| 00por d | ||
| 040 |
_aBR-BrBNA _bpor _cBiblioteca Nacional de Agricultura |
||
| 041 | _a(Pt) | ||
| 072 | _aF02 | ||
| 100 | 1 | _aNavroski, M.C. | |
| 100 | 1 | _aReiniger, L.R.S. | |
| 100 | 1 | _aPereir4a, M. de O. | |
| 100 | 1 | _aCurti, A.R. | |
| 100 | 1 | _aPaim, A.F. | |
| 245 | 1 | _aAlongamento in vitro de genétipos de Eucalyptus dunnii Maiden | |
| 650 | _aEUCALIPTO | ||
| 650 | _aGENÓTIPO | ||
| 650 | _aCULTURA IN VITRO | ||
| 650 | _aÁCIDO GIBERÉLICO | ||
| 650 | _aREGULADOR DE CRESCIMENTO | ||
| 650 | _aUMIDADE | ||
| 650 | _aBROTAÇÃO | ||
| 773 | 0 |
_tCerne (Brazil) _xISSN 0104-7760 _g(Oct-dez 2013), v. 19(4) p. 545-550 _wBR2014001106 |
|
| 909 |
_a202311 _bLúcia _c55 _dLúcia Elande |
||
| 942 |
_2AGRIS _n0 _cANA |
||
| 999 |
_c235392 _d235392 |
||